Contabilidad : introductoria y básica /

Guardado en:
Autor Principal: Senderovich, I. A.
Formato: Libro
Idioma:Spanish
Publicado: Buenos Aires : Ediciones Macchi, 1984.
Edición:2a. ed.
Materias:
Etiquetas: Agregar Etiqueta
Sin Etiquetas, Sea el primero en etiquetar este registro!
LEADER 00733nam a22002295a 4500
001 EAD.ead001066
008 071023s1984####ag############000#0#spa#d
005 20101012160056.0
245 1 0 |a Contabilidad :  |b introductoria y básica /  |c Isaac Aizic Senderovich. 
250 |a 2a. ed. 
260 |a Buenos Aires :  |b Ediciones Macchi,  |c 1984. 
300 |a 548 p. ;  |c 22 cm. 
500 |a Incluye teoría y casos prácticos. 
020 |z 9505370263 
100 1 |a Senderovich, I. A. 
082 0 4 |a 657  |2 21 
650 7 |a Contabilidad.  |2 unbist 
650 7 |a Normas contables.  |2 isoc 
650 7 |a Principios contables.  |2 isoc 
650 7 |a Balance.  |2 isoc 
653 |a Registro contable 
859 |a AR-BaBDC  |b BIB. ADMINISTRACION - Libros  |h 657  |i Se55-1  |p b01692